Lengua y literatura 2 : (Registro nro. 9896)

Detalles MARC
000 -LIDER
fixed length control field 01739nam a2200385 a 4500
001 - NÚMERO DE CONTROL
Identificador de número de control 000013599
003 - IDENTIFICACDOR DE NÚMERO DE CONTROL
control field DO-SdBNP
005 - DATE AND TIME OF LATEST TRANSACTION
control field 20180314103847.0
007 - CAMPOS FIJOS DE DESCRIPCIÓN FÍSICA
fixed length control field 000013599
008 - ELEMENTOS DE LONGITUD FIJA
fixed length control field 150130s2011 dr ac 000 0 spa d
020 ## - ISBN
International Standard Book Number 9789945173680
040 ## - FUENTE DE CATALOGACIÓN
Agencia que crea de manera original el registro BPMSU
Idioma de catalogación spa
Agencia que realiza la transcripción BPMSU
092 ## - LOCALLY ASSIGNED DEWEY DECIMAL CALL NUMBER
Número de clasificación xxxx
Número de ítem (Cutter) xxxx
245 00 - MENCIÓN DE TITULO
Título Lengua y literatura 2 :
Subtítulo nivel medio /
Mención de responsabilidad Manuel García Cartagena...[et al.] ; dirección editorial Cristina amiama Espaillat ; ilustraciones Rebeca Jiménez.
260 ## - PUBLICACIÓN, DISTRIBUCIÓN, ETC. (PIE DE IMPRENTA)
Lugar de publicación, distribución, etc Santo Domingo :
Nombre del editor, distribuidor, etc. SM,
Fecha de publicación, distribución, etc 2011.
300 ## - DESCRIPCIÓN FÍSICA
Extensión 296 p. :
Otros detalles físicos il., retrs. ;
Dimensiones 29 cm.
490 1# - MENCIÓN DE SERIES
Mención de serie Educación en valores
500 ## - NOTA GENERAL
Nota general Educación media
500 ## - NOTA GENERAL
Nota general La biblioteca solamente posee los volumenes 2.
505 1# - NOTA DE CONTENIDO
Texto normalizado de contenido v. 2 :
Información miscelánea unidad 1 --
Título Textos expositivos --
Información miscelánea unidad 2 --
Título Textos expositivos-descriptivos --
Información miscelánea unidad 3 --
Título Informes --
Información miscelánea unidad 4 --
Título Reseñas --
Información miscelánea unidad 5 --
Título Cartas formales --
Información miscelánea unidad 6 --
Título Textos argumentativos --
Información miscelánea unidad 7 --
Título Ensayos argumentativos --
Información miscelánea unidad 8 --
Título Discursos argumentativos --
Información miscelánea unidad 9 --
Título La argumentación en los medios --
Información miscelánea unidad 10 --
Título Exposiciones argumentativas --
Información miscelánea unidad 11 --
Título Textos instructivos --
Información miscelánea unidad 12 --
Título Textos expositivos --
700 1# - ASIENTO SECUNDARIO -- NOMBRE PERSONAL
Nombre personal García Cartagena, Manuel
700 1# - ASIENTO SECUNDARIO -- NOMBRE PERSONAL
Nombre personal Álvaro, Salvador
700 1# - ASIENTO SECUNDARIO -- NOMBRE PERSONAL
Nombre personal Paredes, Florentino
700 1# - ASIENTO SECUNDARIO -- NOMBRE PERSONAL
Nombre personal Sanz, Marta
700 1# - ASIENTO SECUNDARIO -- NOMBRE PERSONAL
Nombre personal Bazarra, Lourdes
700 1# - ASIENTO SECUNDARIO -- NOMBRE PERSONAL
Nombre personal Casanova, Olga
700 1# - ASIENTO SECUNDARIO -- NOMBRE PERSONAL
Nombre personal Amiama Espaillat, Cristina
Mención de responsabilidad dir. ed.
700 1# - ASIENTO SECUNDARIO -- NOMBRE PERSONAL
Nombre personal Jiménez, Rebeca
Mención de responsabilidad il.
830 #0 - ASIENTO SECUNDARIO DE SERIE--TÍTULO UNIFORME
Título uniforme Educación en valores
942 ## - ADDED ENTRY ELEMENTS (KOHA)
Source of classification or shelving scheme Dewey Decimal Classification
Koha item type Libros
945 ## - INFORMACIÓN DE PROCESAMIENTO LOCAL
Información de procesamiento local Remanejado para la BNPHU, 2018 / BT
956 ## - LOCAL ELECTRONIC LOCATION AND ACCESS (OCLC)
Nombre de host DGARCIA
Número de acceso 10
Información de compresión 20150806
Inicio de sesión BND01
Procesador de solicitud 0938
956 ## - LOCAL ELECTRONIC LOCATION AND ACCESS (OCLC)
Nombre de host YLOCKWARD
Número de acceso 10
Información de compresión 20150806
Inicio de sesión BND01
Procesador de solicitud 1354
956 ## - LOCAL ELECTRONIC LOCATION AND ACCESS (OCLC)
Nombre de host VMATEO
Número de acceso 10
Información de compresión 20150813
Inicio de sesión BPMSU
Procesador de solicitud 00151
Existencias
Withdrawn status Lost status Source of classification or shelving scheme Damaged status Not for loan Home library Current library Date acquired Source of acquisition Total Checkouts Barcode Date last seen Price effective from Koha item type
    Dewey Decimal Classification     Biblioteca Pública Metropolitana Salomé Ureña Biblioteca Pública Metropolitana Salomé Ureña 04/25/2016 Donación   BPMSU16040662 04/25/2016 04/25/2016 Libros